[Event "Petrov Mem Blitz 2015"]
[Site "Jurmala LAT"]
[Date "2015.03.06"]
[Round "1.2"]
[White "Fedoseev, Vladimir3"]
[Black "Kalinouski, Siarhei"]
[Result "1-0"]
[WhiteTitle "GM"]
[WhiteElo "2674"]
[BlackElo "2000"]
[WhiteFideId "24130737"]
[BlackFideId "13507060"]
[EventDate "2015.03.06"]

1. d4 Nf6 2. c4 g6 3. Nc3 Bg7 4. e4 d6 5. Nf3 O-O 6. Be2 c6 7. O-O Qc7 8. Bf4
Ne8 9. c5 Qa5 10. Bg5 Qc7 11. cxd6 Nxd6 12. Rc1 Qd8 13. h3 h6 14. Bf4 a6 15. Qd2
Kh7 16. Rfd1 b5 17. e5 Nb7 18. d5 cxd5 19. Nxd5 Nd7 20. Nc7 Rb8 21. e6 Nf6 22.
Qe3 fxe6 23. Rxd8 1-0

[Event "Petrov Mem Blitz 2015"]
[Site "Jurmala LAT"]
[Date "2015.03.06"]
[Round "1.3"]
[White "Nevickis, Nikolajs"]
[Black "Rapport, Richard"]
[Result "0-1"]
[BlackTitle "GM"]
[WhiteElo "2044"]
[BlackElo "2709"]
[WhiteFideId "11600829"]
[BlackFideId "738590"]
[EventDate "2015.03.06"]

1. c4 e5 2. Nc3 d6 3. g3 f5 4. Bg2 Nf6 5. d3 Be7 6. Nf3 O-O 7. O-O Qe8 8. Re1
Kh8 9. e4 fxe4 10. dxe4 Nc6 11. Nd5 Bd8 12. Bd2 Bg4 13. h3 Bxf3 14. Bxf3 Nd4 15.
Bg2 Nd7 16. Be3 c6 17. Nc3 Bb6 18. Na4 Ba5 19. Rf1 Nc5 20. Bxd4 exd4 21. Qxd4
Nxa4 22. Qxd6 Bb6 23. b4 Rd8 0-1

[Event "Petrov Mem Blitz 2015"]
[Site "Jurmala LAT"]
[Date "2015.03.06"]
[Round "1.4"]
[White "Van Wely, Loek"]
[Black "Bagramian, Vagan"]
[Result "1-0"]
[WhiteTitle "GM"]
[WhiteElo "2665"]
[BlackElo "1789"]
[WhiteFideId "1000268"]
[BlackFideId "24187194"]
[EventDate "2015.03.06"]

1. d4 g6 2. c4 Bg7 3. Nf3 Nf6 4. Nc3 d6 5. e4 Nbd7 6. Be2 e5 7. O-O O-O 8. Qc2
exd4 9. Nxd4 Nc5 10. Rd1 Re8 11. f3 Qe7 12. Bf1 Bd7 13. Be3 Ne6 14. Nde2 Bc6 15.
Rac1 Nd7 16. b4 b6 17. Nd5 Qh4 18. Nec3 a6 19. Qd2 Ne5 20. Kh1 Rf8 21. Bf2 Qd8
22. h3 f5 23. f4 Nd7 24. exf5 Rxf5 25. Re1 Ndf8 26. Be2 Bxd5 27. Nxd5 c6 28.
Nxb6 Rb8 29. Bg4 Rf6 30. c5 dxc5 31. Qxd8 Rxd8 32. Bh4 g5 33. fxg5 Rg6 34. bxc5
Rd4 35. Bf2 Rd2 36. Be3 Rxa2 37. Bf5 Bd4 38. Bxd4 Nxd4 39. Bxg6 Nxg6 40. Rcd1
Ne2 41. Nc4 Ngf4 42. Rd2 Ng3+ 43. Kh2 Rxd2 44. Nxd2 Ngh5 45. Ra1 Nd3 46. Ne4 Nb4
47. Ra4 Nc2 48. Rxa6 Ne3 49. Nf6+ Nxf6 50. gxf6 Kf7 51. Rxc6 Nd5 52. g4 Nxf6 53.
Kg3 Nd5 54. Rd6 Nb4 55. c6 Na6 56. c7 1-0

[Event "Petrov Mem Blitz 2015"]
[Site "Jurmala LAT"]
[Date "2015.03.06"]
[Round "1.6"]
[White "Socko, Bartosz"]
[Black "Nevickis, Arturs"]
[Result "1-0"]
[WhiteTitle "GM"]
[WhiteElo "2623"]
[BlackElo "1858"]
[WhiteFideId "1107038"]
[BlackFideId "11600853"]
[EventDate "2015.03.06"]

1. e4 e5 2. Nf3 d6 3. d4 exd4 4. Nxd4 Be7 5. Nc3 Nf6 6. g3 O-O 7. Bg2 a6 8. a4
c5 9. Nde2 Nc6 10. O-O Bg4 11. h3 Bh5 12. g4 Bg6 13. Ng3 Re8 14. Be3 Bf8 15. Re1
Rb8 16. f4 h6 17. f5 Bh7 18. g5 hxg5 19. Bxg5 Be7 20. Bf4 Ne5 21. b3 b5 22. axb5
axb5 23. Ra6 Qc8 24. Ra7 Rb7 25. Ra2 b4 26. Nd5 Nxd5 27. Qxd5 Bg5 28. Bxg5 1-0

[Event "Petrov Mem Blitz 2015"]
[Site "Jurmala LAT"]
[Date "2015.03.06"]
[Round "1.7"]
[White "Nesterov, Yury"]
[Black "Fridman, Daniel"]
[Result "0-1"]
[BlackTitle "GM"]
[WhiteElo "2000"]
[BlackElo "2647"]
[WhiteFideId "34115894"]
[BlackFideId "11600454"]
[EventDate "2015.03.06"]

1. d4 d5 2. c4 e6 3. Nf3 Nf6 4. Nc3 c6 5. cxd5 exd5 6. Qc2 h6 7. Bf4 Bd6 8. e3
Bxf4 9. exf4 O-O 10. Be2 Bg4 11. O-O Bxf3 12. Bxf3 Qd6 13. g3 Re8 14. Rfe1 Nbd7
15. Rad1 Nb6 16. b3 Qb4 17. Re5 Nfd7 18. Rxe8+ Rxe8 19. Kg2 Nf6 20. Qb2 Nc4 21.
Qc2 Nd6 22. Na4 Nb5 23. Qd2 Qxd2 24. Rxd2 Re1 25. Nc5 Nd6 26. Nd3 Ra1 27. Nc5
Kf8 28. g4 g5 29. fxg5 hxg5 30. h4 gxh4 31. g5 Nh7 32. Nd7+ Kg7 33. Re2 Nxg5 34.
Bh5 h3+ 35. Kh2 Rf1 36. Bg4 Nde4 37. f3 Nxf3+ 38. Bxf3 Rxf3 0-1

[Event "Petrov Mem Blitz 2015"]
[Site "Jurmala LAT"]
[Date "2015.03.06"]
[Round "1.8"]
[White "Shirov, Alexei"]
[Black "Kovpak, Igor"]
[Result "1-0"]
[WhiteTitle "GM"]
[WhiteElo "2691"]
[BlackElo "1914"]
[WhiteFideId "2209390"]
[BlackFideId "4106938"]
[EventDate "2015.03.06"]

1. d4 d5 2. c4 c6 3. Nf3 Nf6 4. e3 e6 5. Nbd2 Bb4 6. a3 Bxd2+ 7. Bxd2 Nbd7 8.
Bd3 O-O 9. O-O c5 10. cxd5 Nxd5 11. e4 N5f6 12. e5 Nd5 13. Bxh7+ Kh8 14. Be4 f5
15. Ng5 N7f6 16. Bxd5 Qxd5 17. exf6 Rxf6 18. Qh5+ 1-0

[Event "Petrov Mem Blitz 2015"]
[Site "Jurmala LAT"]
[Date "2015.03.06"]
[Round "2.2"]
[White "Carlstedt, Jonathan"]
[Black "Fedoseev, Vladimir3"]
[Result "0-1"]
[WhiteTitle "IM"]
[BlackTitle "GM"]
[WhiteElo "2475"]
[BlackElo "2674"]
[WhiteFideId "24614386"]
[BlackFideId "24130737"]
[EventDate "2015.03.06"]

1. c4 e5 2. g3 Nf6 3. Bg2 Nc6 4. Nc3 Bb4 5. Nd5 Bc5 6. e3 O-O 7. Ne2 a6 8. O-O
d6 9. d4 Ba7 10. h3 h6 11. b3 exd4 12. Nxf6+ Qxf6 13. Bb2 Re8 14. Nxd4 Nxd4 15.
Bxd4 Qg6 16. Bxa7 Rxa7 17. Qd4 b6 18. Rad1 a5 19. Rfe1 Bb7 20. Qd3 Qf6 21. Qd4
Qe6 22. Bxb7 Rxb7 23. Qd5 Qc8 24. Qc6 b5 25. cxb5 Rb6 26. Qc4 Re5 27. Kg2 Qb7+
28. e4 Rbxb5 29. Rd4 Rb4 30. Qd3 f5 31. Rxb4 axb4 32. f3 fxe4 33. Rxe4 Rxe4 34.
fxe4 Kf7 35. Kf3 Qb6 36. Qd5+ Ke7 37. Qd2 Qc5 38. Qf4 Qc3+ 39. Kg4 Qf6 40. Qc1
c5 41. Qe3 Ke6 42. Qe2 Qg5+ 43. Kf3 Qh5+ 44. Kf2 Qxh3 45. Qc4+ Ke7 46. Qd5 Qe6
47. Qb7+ Kf6 48. Qc6 h5 49. Qa8 Qe5 50. Qf8+ Kg6 51. Qa8 Kg5 52. Qd8+ Qf6+ 0-1

[Event "Petrov Mem Blitz 2015"]
[Site "Jurmala LAT"]
[Date "2015.03.06"]
[Round "2.3"]
[White "Rapport, Richard"]
[Black "Mustaps, Matiss"]
[Result "1-0"]
[WhiteTitle "GM"]
[WhiteElo "2709"]
[BlackElo "2267"]
[WhiteFideId "738590"]
[BlackFideId "11602295"]
[EventDate "2015.03.06"]

1. e4 c5 2. Nc3 Nc6 3. Nf3 Nf6 4. d4 cxd4 5. Nxd4 e5 6. Ndb5 d6 7. Bg5 a6 8. Na3
b5 9. Nd5 Be7 10. Bxf6 Bxf6 11. c4 Bg5 12. Nc2 O-O 13. cxb5 axb5 14. Bd3 Be6 15.
O-O Rb8 16. a3 Kh8 17. Ncb4 Nd4 18. Ne3 Nb3 19. Rb1 Bxe3 20. fxe3 Qg5 21. Qe2
Nc5 22. Bxb5 Rxb5 23. Qxb5 Qxe3+ 24. Kh1 Nxe4 25. Nd3 Rc8 26. Rbe1 Qd4 27. Qb4
Rc4 28. Qb8+ Rc8 29. Qb4 Rc4 30. Qb8+ Rc8 31. Qb7 f5 32. Rd1 h6 33. Qb4 Rc4 34.
Qe1 Qb6 35. Nb4 Kh7 36. Rd3 f4 37. b3 Rxb4 38. axb4 d5 39. Rd1 Qb7 40. Ra1 d4
41. Ra5 Bd5 42. Qe2 Nc3 43. Qd3+ Be4 44. Qd2 f3 45. Re1 fxg2+ 46. Kg1 d3 47.
Rxe5 Qxb4 48. R5xe4 Qc5+ 49. R4e3 Nd5 50. Qxd3+ Kh8 51. b4 1-0

[Event "Petrov Mem Blitz 2015"]
[Site "Jurmala LAT"]
[Date "2015.03.06"]
[Round "2.4"]
[White "Trifonov, Denis"]
[Black "Van Wely, Loek"]
[Result "0-1"]
[WhiteTitle "FM"]
[BlackTitle "GM"]
[WhiteElo "2243"]
[BlackElo "2665"]
[WhiteFideId "13501313"]
[BlackFideId "1000268"]
[EventDate "2015.03.06"]

1. d4 Nf6 2. Bg5 e6 3. e4 h6 4. Bxf6 Qxf6 5. Qd2 d5 6. Nc3 Bb4 7. e5 Qd8 8. a3
Be7 9. f4 c5 10. Nf3 Nc6 11. Bb5 O-O 12. Bxc6 bxc6 13. dxc5 Bxc5 14. b4 Be7 15.
O-O a5 16. Na4 Ba6 17. Rfb1 Qc7 18. Nc5 Qa7 19. Qf2 Rfb8 20. f5 exf5 21. Nxa6
Qxf2+ 22. Kxf2 Rxa6 23. Nd4 axb4 24. axb4 Rxa1 25. Rxa1 Rxb4 26. Nxc6 Bc5+ 27.
Kf3 Rc4 28. Ra8+ Kh7 29. Rc8 Rxc2 30. Ne7 Rf2+ 31. Kg3 f4+ 0-1

[Event "Petrov Mem Blitz 2015"]
[Site "Jurmala LAT"]
[Date "2015.03.06"]
[Round "2.6"]
[White "Malyshev, Roman"]
[Black "Socko, Bartosz"]
[Result "0-1"]
[BlackTitle "GM"]
[WhiteElo "2139"]
[BlackElo "2623"]
[WhiteFideId "24105325"]
[BlackFideId "1107038"]
[EventDate "2015.03.06"]

1. d4 Nf6 2. Nf3 e6 3. c4 b6 4. g3 Bb7 5. Bg2 c5 6. dxc5 Bxc5 7. O-O O-O 8. Nc3
Be7 9. Qc2 d6 10. Rd1 a6 11. a4 Nc6 12. Bf4 Rc8 13. Rac1 h6 14. h4 Qd7 15. e4
Rfd8 16. e5 Ne8 17. exd6 Nxd6 18. Qb3 Na5 19. Qxb6 Naxc4 20. Qb3 Ba8 21. Ne5 Qa7
22. Nxc4 Nxc4 23. Rxd8+ Bxd8 24. Ne4 Bd5 25. Qb4 Be7 26. Qe1 Qb7 27. b3 Qxb3 28.
Nd2 Qb4 29. Bxd5 exd5 30. Nxc4 dxc4 31. Qe4 Bf6 32. Qf5 Rc6 33. Qd5 Qc5 34. Qe4
Rc8 35. Be3 Qc6 36. Qf5 c3 37. a5 Rd8 38. Bb6 Rd2 39. Qf4 Qd5 40. Be3 Rd3 0-1

[Event "Petrov Mem Blitz 2015"]
[Site "Jurmala LAT"]
[Date "2015.03.06"]
[Round "2.7"]
[White "Fridman, Daniel"]
[Black "Klimakovs, Sergejs"]
[Result "1-0"]
[WhiteTitle "GM"]
[WhiteElo "2647"]
[BlackElo "2265"]
[WhiteFideId "11600454"]
[BlackFideId "11602066"]
[EventDate "2015.03.06"]

1. d4 d5 2. c4 c6 3. Nf3 e6 4. Qc2 Nf6 5. g3 Nbd7 6. Bg2 Bb4+ 7. Bd2 Bd6 8. O-O
O-O 9. Bf4 Bxf4 10. gxf4 Ne4 11. Nbd2 f5 12. e3 Ndf6 13. Ne5 Bd7 14. Nb3 Be8 15.
c5 Nh5 16. f3 Nef6 17. Nc1 Kh8 18. Kh1 Rg8 19. Rg1 h6 20. Qf2 Nh7 21. Ncd3 g5
22. fxg5 hxg5 23. Bh3 Qf6 24. Bf1 Rg7 25. Be2 Qh6 26. Rg2 Bf7 27. Kg1 Rag8 28.
Kf1 Be8 29. Ke1 N7f6 30. Kd2 g4 31. Rag1 gxf3 32. Bxf3 Ne4+ 33. Bxe4 fxe4 34.
Rxg7 Nxg7 35. Nf4 Nf5 36. Rxg8+ Kxg8 37. Qg2+ Kf8 38. Ng4 Qh4 39. Ne5 Qh6 40. h3
Bf7 41. Qg4 Ke7 42. b4 Be8 43. a4 Bf7 44. b5 cxb5 45. axb5 Be8 46. Nxd5+ Kd8 47.
Nf4 Bxb5 48. Qg5+ Qxg5 49. Nxe6+ Ke7 50. Nxg5 a5 51. Nxe4 1-0

[Event "Petrov Mem Blitz 2015"]
[Site "Jurmala LAT"]
[Date "2015.03.06"]
[Round "2.8"]
[White "Vojinovic, Jovana"]
[Black "Shirov, Alexei"]
[Result "0-1"]
[WhiteTitle "WGM"]
[BlackTitle "GM"]
[WhiteElo "2284"]
[BlackElo "2691"]
[WhiteFideId "937266"]
[BlackFideId "2209390"]
[EventDate "2015.03.06"]

1. d4 Nf6 2. Nc3 d5 3. Bf4 g6 4. e3 Bg7 5. Be2 O-O 6. Nf3 c5 7. Ne5 Nc6 8. h4
cxd4 9. exd4 Qb6 10. Nxc6 Qxc6 11. h5 Ne4 12. Nxe4 dxe4 13. Qd2 Rd8 14. c3 e5
15. Bg5 exd4 16. Bxd8 dxc3 17. Qd1 cxb2 18. Rb1 Be6 19. hxg6 hxg6 20. Bg5 Bxa2
21. O-O a5 22. Be3 a4 23. Bd4 Bxd4 24. Qxd4 Bxb1 25. Rxb1 Qc1+ 26. Qd1 Qxd1+ 27.
Bxd1 a3 28. Bb3 a2 29. Bxa2 Rxa2 30. Kh2 f5 31. Kg3 Kf7 32. Kf4 Kf6 33. Ke3 Ke5
34. g3 g5 35. Kd2 f4 36. gxf4+ Kxf4 37. Kc2 Kf3 38. Kb3 Ra6 0-1

[Event "Petrov Mem Blitz 2015"]
[Site "Jurmala LAT"]
[Date "2015.03.06"]
[Round "3.2"]
[White "Fedoseev, Vladimir3"]
[Black "Yevseev, Denis"]
[Result "0-1"]
[WhiteTitle "GM"]
[BlackTitle "GM"]
[WhiteElo "2674"]
[BlackElo "2515"]
[WhiteFideId "24130737"]
[BlackFideId "4126378"]
[EventDate "2015.03.06"]

1. Nf3 d5 2. g3 Nf6 3. Bg2 c6 4. d3 Bf5 5. O-O e6 6. Qe1 h6 7. Nc3 Be7 8. e4 Bh7
9. h4 O-O 10. e5 Nfd7 11. Bf4 c5 12. Qd2 Nc6 13. Rae1 Re8 14. Nb5 a6 15. Na3 b5
16. c3 b4 17. Nc2 bxc3 18. bxc3 Rb8 19. Ne3 Bf8 20. g4 Nb6 21. Rd1 d4 22. Nc4
dxc3 23. Qxc3 Nd5 24. Qc1 Na5 25. Bg3 Qc7 26. Nd6 Red8 27. h5 Nb4 28. Qa3 Nb7
29. Nxb7 Rxb7 30. g5 Rxd3 31. Rxd3 Bxd3 32. Rc1 hxg5 33. Ne1 Bf5 34. Bxb7 Qxb7
35. Qb3 Qe4 36. a3 Nd5 37. Ng2 Bh3 38. Ne1 Bg4 39. Qc4 Qf5 40. Qxa6 Bxh5 41. Qd3
Qg4 42. Rc4 Nf4 43. Qe4 Bg6 44. Qf3 Nh3+ 45. Kg2 Qxc4 46. a4 Be4 0-1

[Event "Petrov Mem Blitz 2015"]
[Site "Jurmala LAT"]
[Date "2015.03.06"]
[Round "3.3"]
[White "Ehlvest, Jaan"]
[Black "Rapport, Richard"]
[Result "1-0"]
[WhiteTitle "GM"]
[BlackTitle "GM"]
[WhiteElo "2547"]
[BlackElo "2709"]
[WhiteFideId "4500016"]
[BlackFideId "738590"]
[EventDate "2015.03.06"]

1. d4 g6 2. e4 Nf6 3. Nc3 d5 4. e5 Ne4 5. Nce2 f6 6. f3 Ng5 7. Be3 Nf7 8. f4 Nh6
9. h3 Nf5 10. Bf2 h5 11. Nf3 h4 12. c4 c6 13. Nc3 Be6 14. cxd5 Bxd5 15. Bd3 e6
16. O-O Bxf3 17. Qxf3 fxe5 18. dxe5 Nd7 19. Rad1 Qe7 20. Ne4 Bg7 21. Bc4 O-O 22.
Qg4 Rf7 23. Rxd7 Qxd7 24. Qxg6 Ne7 25. Qxe6 Nd5 26. Qg6 Qf5 27. Qxf5 Rxf5 28.
Bxh4 Kh8 29. Bxd5 cxd5 30. Nd6 Rff8 31. Be7 Rg8 32. Rd1 Bf8 33. Bf6+ Bg7 34.
Bxg7+ Rxg7 35. Rxd5 Rf8 36. f5 Rg3 37. e6 Re3 38. Rd2 Kg7 39. g4 Rxh3 40. Kg2
Re3 41. g5 Re5 42. f6+ Kg6 43. e7 Rxg5+ 44. Kh1 Rh8+ 45. Rh2 Rgh5 46. Rxh5 Rxh5+
47. Kg2 Rg5+ 48. Kf3 Re5 49. e8=Q+ 1-0

[Event "Petrov Mem Blitz 2015"]
[Site "Jurmala LAT"]
[Date "2015.03.06"]
[Round "3.4"]
[White "Van Wely, Loek"]
[Black "Przybylski, Wojciech"]
[Result "0-1"]
[WhiteTitle "GM"]
[BlackTitle "FM"]
[WhiteElo "2665"]
[BlackElo "2378"]
[WhiteFideId "1000268"]
[BlackFideId "1117599"]
[EventDate "2015.03.06"]

1. d4 d5 2. c4 c6 3. Nf3 Nf6 4. Nc3 e6 5. Bg5 h6 6. Bxf6 Qxf6 7. e3 Nd7 8. Bd3
g6 9. O-O Bg7 10. e4 dxe4 11. Nxe4 Qe7 12. c5 O-O 13. Re1 Nf6 14. Nd6 Rd8 15.
Rc1 Ne8 16. Nxe8 Qxe8 17. Bb1 Qd7 18. Re3 b6 19. Be4 Bb7 20. h4 bxc5 21. Rxc5
Bf8 22. Rc4 c5 23. Ne5 Qc7 24. Bxb7 Qxb7 25. Qf3 Qxf3 26. Nxf3 cxd4 27. Nxd4 Bg7
28. Nc6 Rd1+ 29. Kh2 Bxb2 30. Rb3 Bf6 31. Rb7 Rd2 32. Rf4 Kg7 33. a4 a6 34. g3
Rc2 35. Na5 Rc5 36. Nc4 Rd8 37. Ne3 h5 38. Kg2 a5 39. Nc4 Rdd5 40. Ne3 Rd4 41.
Rxd4 Bxd4 42. Kf3 Bxe3 43. fxe3 Rc4 44. Ra7 Rxa4 45. e4 Kf6 46. e5+ Kxe5 47.
Rxf7 Ra3+ 48. Kf2 Rd3 49. Rg7 Kf5 50. Rf7+ Ke5 51. Rg7 Kf6 52. Ra7 Rd5 53. Ke3
g5 54. Ke4 Rb5 55. hxg5+ Rxg5 56. Kf4 a4 57. Ra6 Rg4+ 58. Kf3 Kf5 59. Ra8 Rb4
60. Rf8+ Kg5 61. Rg8+ Kf6 62. Rf8+ Kg6 63. Re8 Kf5 64. Rf8+ Ke5 65. Rh8 Rb3+ 66.
Kf2 Ke4 67. Rxh5 Rb2+ 68. Ke1 a3 0-1

[Event "Petrov Mem Blitz 2015"]
[Site "Jurmala LAT"]
[Date "2015.03.06"]
[Round "3.6"]
[White "Socko, Bartosz"]
[Black "Meskovs, Nikita"]
[Result "0-1"]
[WhiteTitle "GM"]
[BlackTitle "IM"]
[WhiteElo "2623"]
[BlackElo "2450"]
[WhiteFideId "1107038"]
[BlackFideId "11602740"]
[EventDate "2015.03.06"]

1. e4 c5 2. Nf3 e6 3. d4 cxd4 4. Nxd4 a6 5. Bd3 Nf6 6. Qe2 Qc7 7. Be3 d6 8. Nd2
Nbd7 9. O-O-O g6 10. f4 Bg7 11. g4 Nc5 12. g5 Nfd7 13. Kb1 e5 14. N4f3 exf4 15.
Bxf4 Ne5 16. Bxe5 dxe5 17. Bc4 Ne6 18. h4 Nf4 19. Qe3 O-O 20. Bb3 b5 21. Nf1 Bg4
22. Rg1 Rfd8 23. Bd5 Be6 24. Qb3 Nxd5 25. exd5 Rxd5 26. Rxd5 Bxd5 27. Qxd5 Rd8
28. Ne3 Rxd5 29. Nxd5 Qc4 30. Rd1 Qe2 31. Nc3 Qxf3 32. a4 bxa4 33. Rd8+ Bf8 34.
Nd5 Qd1+ 35. Ka2 Kg7 36. c3 e4 37. c4 e3 38. h5 gxh5 0-1

[Event "Petrov Mem Blitz 2015"]
[Site "Jurmala LAT"]
[Date "2015.03.06"]
[Round "3.7"]
[White "Lugovskoy, Maxim"]
[Black "Fridman, Daniel"]
[Result "1-0"]
[WhiteTitle "IM"]
[BlackTitle "GM"]
[WhiteElo "2435"]
[BlackElo "2647"]
[WhiteFideId "24126454"]
[BlackFideId "11600454"]
[EventDate "2015.03.06"]

1. e4 c6 2. d4 d5 3. Nc3 dxe4 4. Nxe4 Bf5 5. Ng3 Bg6 6. Nh3 e6 7. Nf4 Qh4 8. c3
Nf6 9. Nxg6 hxg6 10. Qf3 Bd6 11. Bd3 Nbd7 12. Ne4 Nxe4 13. Bxe4 Nf6 14. Bc2
O-O-O 15. Be3 Qg4 16. Qxg4 Nxg4 17. h3 Nxe3 18. fxe3 f5 19. O-O-O Rh4 20. Rhf1
g5 21. Rde1 g4 22. hxg4 Rxg4 23. Rxf5 Rxg2 24. Rf7 Rd7 25. Ref1 Kd8 26. Bb3 Rg6
27. Bc2 Rg3 28. e4 e5 29. d5 Bc5 30. Bb3 Be3+ 31. Kb1 Bf4 32. Rf8+ Kc7 33. Rd1
g5 34. d6+ Kb6 35. Be6 Rxd6 36. Rxd6 Rg1+ 37. Kc2 Rg2+ 38. Kb3 Bc1 39. Rd1 Rxb2+
40. Kc4 Bf4 41. a4 Ka5 42. Rf7 a6 43. Bc8 b5+ 44. axb5 cxb5+ 45. Kd3 Ka4 46.
Ra1+ 1-0

[Event "Petrov Mem Blitz 2015"]
[Site "Jurmala LAT"]
[Date "2015.03.06"]
[Round "3.8"]
[White "Shirov, Alexei"]
[Black "Putka, Verners"]
[Result "1-0"]
[WhiteTitle "GM"]
[WhiteElo "2691"]
[BlackElo "2345"]
[WhiteFideId "2209390"]
[BlackFideId "11600659"]
[EventDate "2015.03.06"]

1. e4 e5 2. Nf3 Nf6 3. Nxe5 d6 4. Nf3 Nxe4 5. Nc3 Nf6 6. d4 Be7 7. d5 O-O 8. Be2
Nbd7 9. O-O Nb6 10. a4 a5 11. Be3 Bf5 12. Nd4 Bg6 13. Ndb5 c6 14. dxc6 bxc6 15.
Nd4 Qc7 16. Bf4 Nfd5 17. Nxd5 Nxd5 18. Bg3 Rab8 19. c4 Nf6 20. Bf3 Rxb2 21. Nxc6
Ne4 22. Nxe7+ Qxe7 23. Re1 f5 24. Qd4 Rb7 25. Bxe4 fxe4 26. Bxd6 Qd7 27. Qd5+
Bf7 28. Qxe4 Re8 29. Qd4 Rd8 30. c5 Rb4 31. Qc3 Rg4 32. Qf3 Bh5 33. Re7 Qc8 34.
Qd5+ 1-0

[Event "Petrov Mem Blitz 2015"]
[Site "Jurmala LAT"]
[Date "2015.03.06"]
[Round "4.2"]
[White "Przybylski, Wojciech"]
[Black "Shirov, Alexei"]
[Result "1-0"]
[WhiteTitle "FM"]
[BlackTitle "GM"]
[WhiteElo "2378"]
[BlackElo "2691"]
[WhiteFideId "1117599"]
[BlackFideId "2209390"]
[EventDate "2015.03.06"]

1. e4 g6 2. d4 Bg7 3. Nc3 c6 4. Nf3 d6 5. Be3 Nf6 6. h3 O-O 7. Be2 b5 8. a3 Bb7
9. O-O a6 10. e5 Nd5 11. Nxd5 cxd5 12. Qd2 Nc6 13. exd6 Qxd6 14. Bf4 Qd7 15. Bh6
f6 16. Rad1 Rad8 17. c3 Bxh6 18. Qxh6 e5 19. dxe5 fxe5 20. Ng5 Qe7 21. Bg4 Rf6
22. f4 e4 23. Ne6 Rxe6 24. Bxe6+ Qxe6 25. f5 Qf6 26. fxg6 Qxg6 27. Qf4 Qg7 28.
Qh4 Qe7 29. Rf6 e3 30. Re1 Kh8 31. Qf4 Re8 32. Rf7 Qe6 33. Kh1 Bc8 34. Rxe3 Ne5
35. Rf8+ Kg7 36. Rxe8 1-0

[Event "Petrov Mem Blitz 2015"]
[Site "Jurmala LAT"]
[Date "2015.03.06"]
[Round "4.3"]
[White "Heberla, Bartlomiej"]
[Black "Kovalev, Andrei"]
[Result "1/2-1/2"]
[WhiteTitle "GM"]
[BlackTitle "GM"]
[WhiteElo "2567"]
[BlackElo "2484"]
[WhiteFideId "1115120"]
[BlackFideId "13500023"]
[EventDate "2015.03.06"]

1. e4 c5 2. Nc3 a6 3. f4 Nc6 4. Nf3 Nd4 5. d3 g6 6. g3 Bg7 7. Bg2 d6 8. h3 e6 9.
O-O Ne7 10. Ne2 Nxf3+ 11. Bxf3 O-O 12. Rb1 b5 13. Be3 Bb7 14. d4 cxd4 15. Bxd4
e5 16. Bf2 d5 17. exd5 Bxd5 18. Bxd5 Qxd5 19. Qxd5 Nxd5 20. Rfd1 Rfd8 21. fxe5
Bxe5 22. c3 Rac8 1/2-1/2

[Event "Petrov Mem Blitz 2015"]
[Site "Jurmala LAT"]
[Date "2015.03.06"]
[Round "4.4"]
[White "Chigaev, Maksim"]
[Black "Starostits, Ilmars"]
[Result "1-0"]
[WhiteTitle "IM"]
[BlackTitle "GM"]
[WhiteElo "2497"]
[BlackElo "2453"]
[WhiteFideId "4108116"]
[BlackFideId "11600748"]
[EventDate "2015.03.06"]

1. e4 c6 2. Nf3 d5 3. exd5 cxd5 4. Ne5 a6 5. d4 Nd7 6. Bd3 Ngf6 7. O-O g6 8. Qe2
Bg7 9. c3 O-O 10. f4 Nxe5 11. fxe5 Ne8 12. Nd2 Nc7 13. Nf3 b5 14. Be3 Rb8 15.
Qd2 a5 16. a3 Ne6 17. Rf2 b4 18. axb4 axb4 19. Raf1 bxc3 20. bxc3 Qa5 21. Bh6
Rb3 22. Bxg7 Kxg7 23. Ng5 Nxg5 24. Qxg5 Qc7 25. h4 Rxc3 26. Bxg6 hxg6 27. h5 Ba6
28. Rxf7+ Rxf7 29. Qxg6+ Kh8 30. Rxf7 Rc1+ 31. Kh2 1-0

[Event "Petrov Mem Blitz 2015"]
[Site "Jurmala LAT"]
[Date "2015.03.06"]
[Round "4.5"]
[White "Meskovs, Nikita"]
[Black "Zilka, Stepan"]
[Result "1/2-1/2"]
[WhiteTitle "IM"]
[BlackTitle "GM"]
[WhiteElo "2450"]
[BlackElo "2528"]
[WhiteFideId "11602740"]
[BlackFideId "315303"]
[EventDate "2015.03.06"]

1. d4 d5 2. Nf3 Nf6 3. c4 c6 4. Nc3 e6 5. e3 Nbd7 6. Qc2 Bd6 7. b3 O-O 8. Be2
Re8 9. O-O Qe7 10. h3 b6 11. Bb2 Bb7 12. Rad1 Rad8 13. Rfe1 c5 14. Bd3 h6 15.
Qe2 e5 16. dxe5 Nxe5 17. Nxe5 Bxe5 18. cxd5 Nxd5 19. Nxd5 Rxd5 20. Bxe5 Qxe5 21.
Bc4 Rxd1 22. Rxd1 Qe7 23. Qh5 Bc8 24. Qf3 Be6 25. Bxe6 Qxe6 26. Qb7 Re7 27. Qb8+
Kh7 28. Rd8 Qf6 29. Rh8+ Kg6 30. Qg3+ Qg5 31. Qf3 Qf5 32. Qg3+ Qg5 33. Qf3 Qf5
34. Qg3+ Qg5 1/2-1/2

[Event "Petrov Mem Blitz 2015"]
[Site "Jurmala LAT"]
[Date "2015.03.06"]
[Round "4.6"]
[White "Yevseev, Denis"]
[Black "Kazakovskiy, Valeriy"]
[Result "1-0"]
[WhiteTitle "GM"]
[WhiteElo "2515"]
[BlackElo "2357"]
[WhiteFideId "4126378"]
[BlackFideId "13507443"]
[EventDate "2015.03.06"]

1. Nf3 Nf6 2. c4 b6 3. g3 e6 4. Bg2 Bb7 5. O-O c5 6. Nc3 Be7 7. Re1 O-O 8. e4 d6
9. d4 cxd4 10. Nxd4 Qc8 11. Be3 a6 12. Rc1 Nbd7 13. f4 Qc7 14. g4 Rfd8 15. g5
Ne8 16. f5 Nf8 17. Qg4 Bc8 18. f6 Bxf6 19. gxf6 Nxf6 20. Qg3 Bb7 21. Bg5 Ng6 22.
Bxf6 gxf6 23. Qf2 Qc5 24. Rf1 Rf8 25. Kh1 Rac8 26. Qxf6 Qxc4 27. Nce2 Qd3 28.
Rxc8 Bxc8 29. Nf4 Qd2 30. Nxg6 hxg6 31. Nf3 Qh6 32. Ng5 Qg7 33. Qe7 a5 34. Qxd6
Qxb2 35. e5 Ba6 36. Rg1 Qxa2 37. Ne4 Kg7 38. Qe7 Qc2 39. Qf6+ Kg8 40. Ng5 Qf5
41. Qxf5 exf5 42. Rb1 b5 43. Bd5 Kg7 44. Kg2 Rd8 45. Bxf7 Rd2+ 46. Kg3 Rd3+ 47.
Kf4 Rd4+ 48. Ke3 Rg4 49. h4 Rxh4 50. Bd5 Rg4 51. Ne6+ Kg8 52. Nc5+ Kf8 53. Nxa6
b4 54. Rc1 Ke7 55. Rc7+ Kd8 56. e6 1-0